Sports Quiz

Random Sports or Soccer Quiz

African players in the Premier League Quiz Stats

 Plays Quiz not verified by Sporcle

Score 0/44 Timer 08:00
0 Plays Today
Nation Player % Correct
AlgeriaRiyad Mahrez
96.2%
EgyptMohamed Salah
92.3%
SenegalSadio Mane
89.1%
GuineaNaby Keita
73.2%
GabonPierre-Emerick Aubameyang
72.2%
CameroonJoel Matip
71.5%
EgyptMohamed Elneny
71.2%
KenyaVictor Wanyama
66.3%
Ivory CoastEric Bailly
63.3%
NigeriaWilfred Ndidi
63.2%
Ivory CoastWilfried Zaha
61.8%
NigeriaVictor Moses
59%
NigeriaAlex Iwobi
58.6%
Ivory CoastSerge Aurier
56.4%
SenegalIdrissa Gueye
55.7%
Ivory CoastJean Michael Seri
48.7%
SenegalCheikhou Kouyate
43.3%
AlgeriaRachid Ghezzal
43.1%
GabonMario Lemina
42.4%
BeninSteve Mounie
41.6%
CameroonGaetan Bong
40.8%
NigeriaKelechi Iheanacho
36.7%
Nation Player % Correct
SenegalMohamed Diame
33.5%
Ivory CoastSol Bamba
33.3%
GhanaDaniel Amartey
32.4%
GhanaChristian Atsu
31.9%
DR CongoArthur Masuaku
31.4%
NigeriaIsaac Success
31%
GhanaJordan Ayew
28.8%
MoroccoRomain Saiss
27.2%
EgyptRamadan Sobhi
26.2%
SenegalOumar Niasse
24.2%
GhanaJeffrey Schlupp
23%
CameroonAndre-Frank Zambo Anguissa
22.7%
GabonBruno Ecuele Manga
21.8%
TunisiaYohan Benalouane
18.4%
NigeriaLeon Balogun
18.1%
SenegalPape Souare
12%
TogoFloyd Ayite
11.5%
Equatorial GuineaPedro Obiang
11.4%
MaliYves Bissouma
11.3%
DR CongoNeeskens Kebano
9.9%
DR CongoElias Kachunga
9.7%
MaliFousseni Diabate
7.9%

You're not logged in!

Compare scores with friends on all Sporcle quizzes.
OR
Log In

Show Comments

Extras

Top Quizzes Today


Score Distribution

Your Account Isn't Verified!

In order to create a playlist on Sporcle, you need to verify the email address you used during registration. Go to your Sporcle Settings to finish the process.

Report this User

Report this user for behavior that violates our Community Guidelines.

Details: